| 000 | 00969nam a2200289 4500 | ||
|---|---|---|---|
| 003 | EC-UNACH | ||
| 005 | 20241014172639.0 | ||
| 006 | s||||gr|||| 00| 00 | ||
| 008 | 150116t9999 mx r gr 000 0 spa d | ||
| 020 | _a978-9942-34-095-5 | ||
| 040 |
_aEC-UNACH _cEC-UNACH |
||
| 041 | _aEspañol | ||
| 082 | 0 | 4 |
_223 _a808.81 _bL017675 |
| 100 | _aFebres Guzmán, Mateo | ||
| 245 |
_aSalvaje Cielo azul _bPremio de poesía "Dolores Veintimilla"2022 |
||
| 250 | _aPrimera Edición | ||
| 264 |
_aQuito - Ecuador _bEditorial Casa de la Cultura Ecuatoriana _c2023 |
||
| 300 |
_a61 páginas _c19 x 12 centímetros |
||
| 501 | _aIncluye índice | ||
| 505 | _aLas ruinas -- Islas -- Carnaval -- El cascajo -- El telescopio espacial James Webb -- Fulguración de las ruinas | ||
| 650 | _aPOEMARIO HÍBRIDO | ||
| 650 | _aLÍRICO | ||
| 942 |
_2ddc _c1 |
||
| 999 | _c13464 | ||